[Event "BL2 West 1920 (Women)"]
[Site "Germany"]
[Date "2019.12.15"]
[Round "4.6"]
[White "Koenig, Emmilie"]
[Black "Manus, Julia"]
[Result "1/2-1/2"]
[WhiteElo "1517"]
[BlackElo "1256"]
[PlyCount "40"]
[EventDate "2019.09.14"]
[EventType "team-tourn"]
[EventRounds "7"]
[EventCountry "GER"]
[SourceTitle "EXT 2021"]
[Source "ChessBase"]
[SourceDate "2020.10.23"]
[SourceVersion "1"]
[SourceVersionDate "2020.10.23"]
[SourceQuality "1"]
[WhiteTeam "Delmenhorst (W)"]
[BlackTeam "Hemer (W)"]
[WhiteTeamCountry "GER"]
[BlackTeamCountry "GER"]

1. Nf3 Nf6 2. d4 e6 3. c3 d5 4. Bf4 Bd6 5. Ne5 Nbd7 6. e3 0-0 7. Nd2 c6 8. Bd3 Qc7 9. Nxd7 Bxd7 10. Bg5 Be7 11. Nf3 Bc8 12. Qc2 h6 13. Bh4 Qd8 14. Ne5 Nd7 15. Bxe7 Qxe7 16. Nxd7 Bxd7 17. f4 f5 18. Qf2 g6 19. h4 h5 20. Be2 Qf7 1/2-1/2

[Event "Dortmund Sparkassen op-C 47th"]
[Site "Dortmund"]
[Date "2019.07.16"]
[Round "4"]
[White "Guelcan, Batuhan Ege"]
[Black "Manus, Julia"]
[Result "0-1"]
[WhiteElo "1172"]
[BlackElo "1405"]
[PlyCount "106"]
[EventDate "2019.07.13"]
[EventType "swiss"]
[EventRounds "9"]
[EventCountry "GER"]
[SourceTitle "CBM 192 Extra"]
[Source "Chessbase"]
[SourceDate "2019.11.06"]
[SourceVersion "1"]
[SourceVersionDate "2019.11.06"]
[SourceQuality "1"]

1. e4 e5 2. Nf3 Nf6 3. Nc3 Nc6 4. g3 Bb4 5. Bc4 h6 6. a3 Ba5 7. 0-0 0-0 8. b4 Bb6 9. d3 d6 10. b5 Nd4 11. a4 Bg4 12. Be3 Nxf3+ 13. Kh1 Bxe3 14. fxe3 Nxh2 15. Qb1 Nxf1 16. Qxf1 c6 17. bxc6 bxc6 18. Ba6 Rb8 19. d4 Qa5 20. dxe5 dxe5 21. Nb1 Rb6 22. Bd3 Rfb8 23. Na3 Qc3 24. a5 Qxa5 25. Nc4 Qxa1 26. Nxb6 Qxf1+ 27. Bxf1 axb6 28. Bd3 Bf3+ 29. Kg1 Bxe4 30. Bxe4 Nxe4 31. Kg2 Rd8 32. Kf3 f5 33. g4 Nd2+ 34. Kg3 fxg4 35. Kxg4 Kf7 36. e4 Rd4 37. c4 Rxe4+ 38. Kg3 Kg6 39. c5 bxc5 40. Kh2 Re3 41. Kg2 Kg5 42. Kf2 Kf4 43. Kg2 Nb3 44. Kf2 Na5 45. Kg2 Ra3 46. Kh2 Kg4 47. Kg2 Ra2+ 48. Kf1 Kf3 49. Ke1 Rh2 50. Kd1 Ke3 51. Kc1 Kd3 52. Kb1 Kc3 53. Kc1 Rh1# 0-1